Kỹ thuật chăn nuôi lợn sinh sản
Сохранить в:
| Главный автор: | |
|---|---|
| Формат: | |
| Язык: | Undetermined |
| Опубликовано: |
Hà Nội
Nông thôn
1972
|
| Предметы: | |
| Метки: |
Добавить метку
Нет меток, Требуется 1-ая метка записи!
|
| Thư viện lưu trữ: | Trung tâm Học liệu Trường Đại học Cần Thơ |
|---|
| LEADER | 00520nam a2200169Ia 4500 | ||
|---|---|---|---|
| 001 | CTU_46440 | ||
| 008 | 210402s9999 xx 000 0 und d | ||
| 082 | |a 636.4085 | ||
| 082 | |b Kh107 | ||
| 100 | |a Nghiêm Khánh | ||
| 245 | 0 | |a Kỹ thuật chăn nuôi lợn sinh sản | |
| 245 | 0 | |c Nghiêm Khánh | |
| 260 | |a Hà Nội | ||
| 260 | |b Nông thôn | ||
| 260 | |c 1972 | ||
| 650 | |a domestic animals,swine - feeding and feeds,veterinary medicine | ||
| 980 | |a Trung tâm Học liệu Trường Đại học Cần Thơ | ||